| 000 | 00569nam a22002057a 4500 | ||
|---|---|---|---|
| 003 | OSt | ||
| 005 | 20260306124951.0 | ||
| 008 | 260306b |||||||| |||| 00| 0 eng d | ||
| 020 | _a9789355216199 | ||
| 040 |
_bEnglish _cCentral Library IIT Goa |
||
| 082 |
_a920.954 _bSIN |
||
| 100 |
_aSingh, Lalit Kumar _eauthor _93755 |
||
| 245 |
_aBihar Ki Mahan Hastiyan / _cLalit Kumar Singh |
||
| 260 |
_aNew Delhi : _bPrabhat Prakashan Pvt. Ltd. , _c2025 |
||
| 300 | _a208p. | ||
| 650 |
_aHindi _92694 |
||
| 650 |
_aBiography _92827 |
||
| 650 |
_aBihar _93756 |
||
| 942 |
_2ddc _cBK |
||
| 999 |
_c1901 _d1901 |
||